Truyện Việt Nam thế kỷ XIX ( Trích tuyển )

محفوظ في:
التفاصيل البيبلوغرافية
المؤلف الرئيسي: Nguyễn Văn Huyền
التنسيق: كتاب
اللغة:Undetermined
منشور في: H. KHXH 1997
الموضوعات:
الوسوم: إضافة وسم
لا توجد وسوم, كن أول من يضع وسما على هذه التسجيلة!
Thư viện lưu trữ: Trung tâm Học liệu Trường Đại học Cần Thơ
LEADER 00587nam a2200193Ia 4500
001 CTU_53188
008 210402s9999 xx 000 0 und d
020 |b 40000 
082 |a 895.9223008 
082 |b H527 
100 |a Nguyễn Văn Huyền 
245 0 |a Truyện Việt Nam thế kỷ XIX ( Trích tuyển ) 
245 0 |c Nguyễn Văn Huyền; Lâm Giang ... [et al.] biên dịch 
260 |a H. 
260 |b KHXH 
260 |c 1997 
650 |a vietnamese literature 
650 |x collections 
980 |a Trung tâm Học liệu Trường Đại học Cần Thơ